| 000 -LEADER |
| fixed length control field |
01632nam a2200265 a 4500 |
| 001 - CONTROL NUMBER |
| control field |
ASIN0748646272 |
| 005 - DATE AND TIME OF LATEST TRANSACTION |
| control field |
20170105102850.0 |
| 008 - FIXED-LENGTH DATA ELEMENTS--GENERAL INFORMATION |
| fixed length control field |
130821s2013 xxu eng d |
| 020 ## - INTERNATIONAL STANDARD BOOK NUMBER |
| International Standard Book Number |
0748646272 (hardcover) |
| Terms of availability |
$120.00 |
| 020 ## - INTERNATIONAL STANDARD BOOK NUMBER |
| International Standard Book Number |
9780748646272 (hardcover) |
| 040 ## - CATALOGING SOURCE |
| Original cataloging agency |
0 |
| 082 04 - DEWEY DECIMAL CLASSIFICATION NUMBER |
| Classification number |
327.124100722 |
| 245 10 - TITLE STATEMENT |
| Title |
Intelligence studies in britain and the us : |
| Remainder of title |
historiography since 1945 / |
| Statement of responsibility, etc. |
Christopher R. Moran, Christopher J. Murphy. |
| 260 ## - PUBLICATION, DISTRIBUTION, ETC. |
| Place of publication, distribution, etc. |
[S.l.] : |
| Name of publisher, distributor, etc. |
Edinburgh University Press, |
| Date of publication, distribution, etc. |
2013. |
| 300 ## - PHYSICAL DESCRIPTION |
| Extent |
336 p. ; |
| Dimensions |
24 cm. |
| 520 ## - SUMMARY, ETC. |
| Summary, etc. |
The first introduction to writing about intelligence and intelligence services. Secrecy has never stopped people from writing about intelligence. From memoirs and academic texts to conspiracy-laden expos�s and spy novels, writing on intelligence abounds. Now, this new account uncovers intelligence historiography's hugely important role in shaping popular understandings and the social memory of intelligence. In this first introduction to these official and unofficial histories, a range of leading contributors narrate and interpret the development of intelligence studies as a discipline. Each chapter showcases new archival material, looking at a particular book or series of books and considering issues of production, censorship, representation and reception. |
| 650 #0 - SUBJECT ADDED ENTRY--TOPICAL TERM |
| Topical term or geographic name entry element |
Great Britain |
| 650 #0 - SUBJECT ADDED ENTRY--TOPICAL TERM |
| Topical term or geographic name entry element |
Intelligence service |
| 650 #0 - SUBJECT ADDED ENTRY--TOPICAL TERM |
| Topical term or geographic name entry element |
Literature |
| 650 #0 - SUBJECT ADDED ENTRY--TOPICAL TERM |
| Topical term or geographic name entry element |
United States |
| 700 1# - ADDED ENTRY--PERSONAL NAME |
| Personal name |
Moran, Christopher R. |
| 700 1# - ADDED ENTRY--PERSONAL NAME |
| Personal name |
Murphy, Christopher J. |
| 856 40 - ELECTRONIC LOCATION AND ACCESS |
| Materials specified |
Amazon.com |
| Uniform Resource Identifier |
<a href="http://www.amazon.com/exec/obidos/ASIN/0748646272/chopaconline-20">http://www.amazon.com/exec/obidos/ASIN/0748646272/chopaconline-20</a> |
| 942 ## - ADDED ENTRY ELEMENTS (KOHA) |
| Source of classification or shelving scheme |
|
| Koha item type |
Book |